00671 2200253 4500001002100000005001700021008004100038035002400079082001200103090001900115100002900134245005200163250001100215260003600226300001900262500003000281650002700311850001500338980001300353985000600366999001500372999001500387999001500402YOGYA-0209000001355320090227022332.0 ind  0010-020900000013553 a297.218 a297.218bBag B aAL-BAGHDADI, Abdurrahman aBabi halal, babi haramcAbdurrahman Al-Baghdadi aCet. 5 aJakrtabGema Insani Pressc1994 a118 hlmc18 cm aBibliografi : hlm 109-114 aHalal dan haram - Babi aYOPDYOG(B) a02-07-05 a3 a96P0079986 a97P0097068 a98P0106627